Регионална библиотека "Любен Каравелов" - Русе

Частните армии (Запис номер 473869)

MARC детайли
000 -Лидер
Контролно поле с фиксирана дължина 01821nam a2200337 a 4500
003 - Код на организацията, давaща контролен номер
Контролно поле BLK
005 - Дата и час на последна редакция
Контролно поле 20240111143541.0
008 - Елементи от данни с фиксирана дължина
fixed length control field 220921b bu |||||r|||| 00| | bu d
020 ## - Международен стандартен номер на книга ISBN
Международен стандартен номер на книга ISBN 9786190110644
040 ## - Източник на каталожния запис
Идентификатор на билиотеката - собственик на записа BLK
041 ## - Код за език
Код за езика на текст/звукозапис или на отделно заглавие Български
Код за езика КДБФ Български
080 ## - УДК
Текстов определител УДК Военна политика. Политика за отбрана на страната
УДК код - определител по УДК 355.02
УДК - код + определител 355.02
080 ## - УДК
Текстов определител УДК Обща организация на въоръженните сили. Войска и флота - Подразделение в различните родове войски (армии, дивизии, полкове, ескадри и др. )Чинове и длъжности на военнослужещите и др.
УДК код - определител по УДК 355.3
УДК - код + определител 355.3
100 ## - Редна дума - Автор
R(LIN) 1299
Автор Тутунаров, Христо Ермилов
Авторска отговорност първи автор
139 ## - Редно поле
Редна дума Тутунаров, Христо Ермилов
Авторски знак Турл - Т 93
245 ## - Сведения за заглавието
Заглавие Частните армии
Подзаглавни данни Еволюцията на войната : монография
Редно поле (дума) Христо Тутунаров
246 ## - Различни форми на заглавието
Паралелно заглавие Private armies
260 ## - Област на издателските данни
9 (RLIN) 210881
Място на издаване, разпространение и проч. София
Име на издателя, разпространителя и проч. Изток-Запад
Година на издаване 2022
Издателство - префикс ISBN 978-619-01- ; 978-619-152- ; 978-954-321- ; 954-8945-
300 ## - Физическа характеристика
Страници 264 с.
Илюстрации и др. с цв. портр.
Размери/Мащаб 24 см
380 ## - Жанр
Жанр Обществени науки
500 ## - Общи забележки
Забележка Загл. на англ. ез.: Private armies / Hristo Tutunarov.-<br/>Рец.: Пламен Богданов, Милен Иванов.-<br/>Библиогр.: с. 245-258
650 #7 - Допълнително описание по предмет – тема
9 (RLIN) 151195
Основно описание – тема или топоним Война
650 #0 - Допълнително описание по предмет – тема
9 (RLIN) 480948
Основно описание – тема или топоним Специални части (военно дело)
653 #7 - Ключова дума – ненормативна
9 (RLIN) 197115
Ключова дума специални военни части
653 #7 - Ключова дума – ненормативна
9 (RLIN) 183582
Ключова дума война
852 ## - Местоположение
Форматна сигнатура Цб 314457
Фондова буква Хранилище
999 ## - СИСТЕМНИ КОНТРОЛНИ НОМЕРА
Koha biblionumber 473869
Koha biblioitemnumber 473869
942 ## - АРТИКУЛИ
Вид на библиотечния материал Книги
Скрит в OPAC Не
Периодичен библиозапис Да
Koha issues (borrowed), all copies 4
944 ## - СЪЗДАВАНЕ И РЕДАКЦИЯ на ЗАПИСА
Създаване/Редакция Създаване
Дата на регистрацията/редакция 2022-09-21
Служител, извършил регистрацията/редакцията 30538
Статус, дата на статуса Силвия Димитрова
999 ## - СИСТЕМНИ КОНТРОЛНИ НОМЕРА
Koha biblioitemnumber 473869
999 ## - СИСТЕМНИ КОНТРОЛНИ НОМЕРА
Koha biblioitemnumber 473869
Наличности
Код за отписване Код за изгубен артикул Източник на класификационната схема Код за повреда Коз за рестрикции Код за отдаване Артикулен № Име на библиотеката - собственик Име на библиотеката, в която се намира в момента Статус (Текущо местоположение) Дата на вписване в системата Местоположение - отдел Цена в лева Систематично азбучна сигнатура Баркод Цена в евро Служебен тип на артикула
  Не е изгубен Universal Decimal Classification Не е повреден без рестрикции заемане за дома 905008 Регионална библиотека "Любен Каравелов" Русе Регионална библиотека "Любен Каравелов" Русе Заемна - подръчен фонд 2022-09-23 Заемна - подръчен фонд 16.50 355/359/Т 93 Х 120000877143 8.44 Книги
  Не е изгубен Universal Decimal Classification Не е повреден само за читалня ползва се в читалня 905182 Регионална библиотека "Любен Каравелов" Русе Регионална библиотека "Любен Каравелов" Русе Хранилище 2022-09-23 Хранилище 22.00 Цб 314457 120000877054 11.25 Книги
Vip Innovations Ltd, Rousse, Bulgaria 2025